Cliquez sur la bonne traduction en espagnol - Le sport - Statistiques

Statistiques générales
  • Ce quiz a été pris 504 fois
  • Le résultat moyen est 17 sur 20
Statistiques - réponses
Hint Réponse % Correct
Entraîneur Entrenador
96%
Adversaire Adversario
95%
Arbitre Árbitro
95%
Equipe Equipo
95%
Escrime Esgrima
95%
Faute Falta
95%
Joueur Jugador
95%
Raquette Raqueta
95%
Nageur Nadador
94%
Lutte Lucha
93%
But Gol
91%
Tournoi Torneo
89%
Sportifs Deportes
82%
Remplaçant Suplente
78%
Terrain Campo
75%
Course Carrera
69%
Cible Objetivo
64%
Attaquant Delantero
62%
Randonnée Senderismo
53%
Filet Red
42%
Aucun quiz correspondant
Distribution des résultats
% des personnes avec chaque résultat
Percentile par nombre de réponses
Votre historique - résultats
Vous n’avez pas pris ce quiz